000
00212nam a22000977a 4500
999
_c
262570
_d
262569
020
_a
9780823424313
100
_a
Will Hilenbrand
245
_a
Spring Is Here
260
_a
U.S.A
_b
Holiday House
_c
2011
942
_c
BK